Top Squash (Cucurbita) Producing Countries - Statistics

General Stats
  • This quiz has been taken 11 times
  • The average score is 7 of 10
Answer Stats
Production in metric tons Country % Correct
778,630 USA
100%
6,140,840 China
91%
522,388 Mexico
91%
4,424,200 India
82%
988,180 Russia
82%
430,402 Turkey
73%
508,075 Italy
64%
658,234 Egypt
55%
695,600 Iran
55%
516,900 Ukraine
45%
No matching quizzes found
Score Distribution
Percent of People with Each Score
Percentile by Number Answered
Your Score History
You have not taken this quiz